000 00823nam a2200181Ia 4500
008 100921s9999 xx 000 0 und d
082 _b39140
_a294.592 न 01
100 _aखैर गजानन श्रीपत.
245 _aगीतेतील मुख्य विचार.
260 _bपुणे विद्यार्थीगृह प्रकाशन,पुणे.
_c2001
300 _a104
_bअक्षरधारा प्रदर्शन.
365 _b18
520 _aधर्म-पवित्र ग्रंथ-व्यिक्त.
630 _aगीतेतील मुख्य विचार.
650 _aधर्म-पवित्र ग्रंथ-व्यिक्त.
730 _aगीतेतील मुख्य विचार.
942 _cBOOK
999 _c788253
_d788250